| 000 | 00433nam a2200133 a 4500 | ||
|---|---|---|---|
| 008 | 120416s1971 xx |||||||||||||| || u | ||
| 050 | _aS 592.53 Sin | ||
| 100 | _aSingh, R. A | ||
| 245 | 1 | 0 | _aSoil physical analysis |
| 250 | _a2nd ed. | ||
| 260 | _c1971 | ||
| 350 | _a0.00 | ||
| 995 |
_D0.00 _FCBU-MAIN LIBRARY (Kitwe) _H1 _I60.00 _M1 _UAVAILABLE _ZAnnex Low-Usage Collection |
||
| 999 |
_c57850 _d57850 |
||